000 00434nam a22001577a 4500
020 _a9780195670332
040 _cNust
082 _a512.7
_bHAR
100 _aHardy, G.H
_939147
110 _aWright, M.E
_9123362
245 _aAn introduction to Theory of Numbers
250 _a5th Edition
260 _aNew York:
_bOxford University Press Inc,
_c2004.
650 _aAn introduction to Theory of Numbers
_9123363
942 _2ddc
_cBK
999 _c609577
_d609577